Résumé des leçons de mécanique (Record no. 160590)

MARC details
000 -LEADER
campo de control de longitud fija 00695nam a22001935i 4500
001 - NÚMERO DE CONTROL
campo de control 160590
003 - IDENTIFICADOR DE NÚMERO DE CONTROL
campo de control ES-MaACL
005 - FECHA Y HORA DE LA ÚLTIMA TRANSACCIÓN
campo de control 20250814045710.0
008 - DATOS DE LONGITUD FIJA--INFORMACIÓN GENERAL
campo de control de longitud fija 011023s1841 fr af |||| | fre d
040 ## - FUENTE DE CATALOGACIÓN
Centro catalogador/agencia de origen CCPB | B
Lengua de catalogación spa
Centro/agencia transcriptor CCPB | B
100 1# - ENTRADA PRINCIPAL--NOMBRE DE PERSONA
Nombre de persona Navier, M.
9 (RLIN) 130427
245 10 - MENCIÓN DEL TÍTULO
Título Résumé des leçons de mécanique
Resto del título : données a l'École Polytechnique /
Mención de responsabilidad, etc. par M. Navier.
260 ## - PUBLICACIÓN, DISTRIBUCIÓN, ETC.
Lugar de publicación, distribución, etc. Paris :
Nombre del editor, distribuidor, etc. Carilian-Goeury et Vor. Dalmont, éditeurs,
Fecha de publicación, distribución, etc. 1841 (
Fabricante imprimerie de Fain et Thunot)
300 ## - DESCRIPCIÓN FÍSICA
Extensión 491 p., [4] h. de grab. pleg. ;
Dimensiones 22 cm.
650 07 - PUNTO DE ACCESO ADICIONAL DE MATERIA--TÉRMINO DE MATERIA
Término de materia o nombre geográfico como elemento de entrada Mecánica
Fuente del encabezamiento o término embne
9 (RLIN) 14869
752 ## - ENTRADA AGREGADA--NOMBRE JERÁRQUICO DEL LUGAR
País o entidad superior Francia -
Ciudad París
852 ## - LOCALIZACIÓN
Ubicación ES-MaACL
Número de control de estantería F-5045
Nota libre -- Enc. hol.
Holdings
Estatus retirado Estado de pérdida Estado de daño No para préstamo Colección Biblioteca de origen Biblioteca actual Ubicación en estantería Fecha de adquisición Fuente de adquisición Total de préstamos Signatura topográfica completa Código de barras Visto por última vez Precio de reemplazo Tipo de ítem Koha
        Libros del s. XIX Biblioteca del Ateneo de Madrid Biblioteca del Ateneo de Madrid Depósito 2 17/01/2008     F-5045 1168151 23/02/2023 23/02/2023 Libro impreso antiguo